[Event "IRL-ch"]
[Site "Dublin"]
[Date "2016.07.08"]
[Round "7"]
[White "Tirziman, Rudolf"]
[Black "MacElligott, Gerard"]
[Result "1-0"]
[WhiteElo "1900"]
[BlackElo "2060"]
[PlyCount "93"]
[EventDate "2016.07.02"]
[EventType "swiss"]
[EventRounds "9"]
[EventCountry "IRL"]
[SourceTitle "CBM 173 Extra"]
[Source "ChessBase"]
[SourceDate "2016.08.29"]
[SourceVersion "1"]
[SourceVersionDate "2016.08.29"]
[SourceQuality "1"]

1. e4 c5 2. Nf3 Nc6 3. Bb5 g6 4. Bxc6 bxc6 5. 0-0 Bg7 6. c3 Nf6 7. Re1 0-0 8. d4 cxd4 9. cxd4 d5 10. e5 Ne4 11. Nbd2 Nxd2 12. Nxd2 c5 13. Nb3 cxd4 14. Qxd4 Bf5 15. Bf4 Qb6 16. Qxd5 Rac8 17. Be3 Qb8 18. Bd4 Be6 19. Qa5 Rfd8 20. Qxa7 Qb4 21. Bc3 Qg4 22. f3 Qh5 23. Qe3 Bh6 24. Qe2 Bc4 25. Qe4 Rd5 26. Qg4 Qxg4 27. fxg4 Rb8 28. Nd4 Rbd8 29. Nf3 Rd3 30. Kf2 Ra8 31. a4 Bb3 32. a5 Ra6 33. Re4 e6 34. Rb4 Bd5 35. Rb8+ Kg7 36. g5 Rxf3+ 37. gxf3 Bxg5 38. Rb6 Ra7 39. a6 Bd8 40. Rb4 Be7 41. Rba4 Bc6 42. Bd4 Rd7 43. a7 Rxd4 44. Rxd4 Bc5 45. Ke3 f6 46. exf6+ Kxf6 47. Kd3 1-0

[Event "IRL-ch"]
[Site "Dublin"]
[Date "2016.07.04"]
[Round "3"]
[White "Keogh, Eamon"]
[Black "Tirziman, Rudolf"]
[Result "1-0"]
[WhiteElo "2021"]
[BlackElo "1900"]
[PlyCount "109"]
[EventDate "2016.07.02"]
[EventType "swiss"]
[EventRounds "9"]
[EventCountry "IRL"]
[SourceTitle "CBM 173 Extra"]
[Source "ChessBase"]
[SourceDate "2016.08.29"]
[SourceVersion "1"]
[SourceVersionDate "2016.08.29"]
[SourceQuality "1"]

1. d3 e5 2. g3 d5 3. Bg2 Nc6 4. f4 exf4 5. Bxf4 Nf6 6. Nf3 Bd6 7. Qd2 0-0 8. 0-0 Re8 9. Nc3 a6 10. Bg5 Be7 11. Rae1 h6 12. Bxf6 Bxf6 13. e4 dxe4 14. Nxe4 Bxb2 15. c3 Ba3 16. Nh4 Bf8 17. d4 Ne7 18. Qf2 Be6 19. Nf6+ gxf6 20. Rxe6 fxe6 21. Qxf6 Nf5 22. Qg6+ Kh8 23. Be4 Qg5 24. Qf7 Bg7 25. Ng6+ Kh7 26. Nf4 Re7 27. Bxf5+ Qxf5 28. Qxe7 Rf8 29. Qxe6 Qc2 30. Qb3 Qd2 31. Rf2 Qe1+ 32. Kg2 Qe4+ 33. Rf3 h5 34. Qd1 h4 35. Qd3 Qxd3 36. Nxd3 Re8 37. Ne5 c5 38. Rf7 cxd4 39. cxd4 Rd8 40. Nf3 hxg3 41. Ng5+ Kg6 42. Rxg7+ Kf6 43. hxg3 Rxd4 44. Nf3 Ra4 45. Rxb7 Rxa2+ 46. Kh3 a5 47. g4 a4 48. g5+ Kg6 49. Kg4 Rg2+ 50. Kf4 Rf2 51. Ra7 a3 52. Rxa3 Rb2 53. Ne5+ Kg7 54. Ra7+ Kf8 55. Kf5 1-0

[Event "IRL-ch"]
[Site "Dublin"]
[Date "2016.07.03"]
[Round "2.8"]
[White "Tirziman, Rudolf"]
[Black "Melaugh, Shanemelaugh"]
[Result "0-1"]
[WhiteElo "1900"]
[BlackElo "1677"]
[PlyCount "80"]
[EventDate "2016.07.02"]
[EventType "swiss"]
[EventRounds "9"]
[EventCountry "IRL"]
[SourceTitle "EXT 2023"]
[Source "ChessBase"]
[SourceDate "2022.10.05"]
[SourceVersion "1"]
[SourceVersionDate "2022.10.05"]
[SourceQuality "1"]

1. e4 c5 2. Nf3 Nc6 3. Bb5 d6 4. 0-0 Bd7 5. c3 a6 6. Ba4 Nf6 7. Qe2 b5 8. Bc2 e5 9. h3 Be7 10. Rd1 Qc7 11. d4 cxd4 12. cxd4 Rc8 13. Nbd2 g5 14. Nb3 g4 15. hxg4 Bxg4 16. Bg5 Rg8 17. Bxf6 Bxf6 18. d5 Ne7 19. Bd3 Ng6 20. Bxb5+ axb5 21. Qxb5+ Qd7 22. Qxd7+ Kxd7 23. Nbd2 Nf4 24. Kf1 Nd3 25. Nc4 Rxc4 26. Rxd3 Rxe4 27. Rb3 Rc4 28. a4 Rgc8 29. a5 e4 30. Ne1 Bd4 31. a6 R8c7 32. Rb8 Ra7 33. b4 Bxa1 34. b5 Bd4 35. f3 exf3 36. gxf3 Bf5 37. Rf8 Bg6 38. f4 Bc5 39. f5 Rf4+ 40. Ke2 Rxf5 0-1

[Event "Gonzaga Masters"]
[Site "Dublin"]
[Date "2016.01.23"]
[Round "3"]
[White "Melaugh, Shanemelaugh"]
[Black "Tirziman, Rudolf"]
[Result "1/2-1/2"]
[WhiteElo "1684"]
[BlackElo "2001"]
[PlyCount "25"]
[EventDate "2016.01.22"]
[EventType "swiss"]
[EventRounds "5"]
[EventCountry "IRL"]
[SourceTitle "EXT 2023"]
[Source "ChessBase"]
[SourceDate "2022.10.05"]
[SourceVersion "1"]
[SourceVersionDate "2022.10.05"]
[SourceQuality "1"]

1. c4 Nf6 2. Nc3 e6 3. g3 d5 4. cxd5 exd5 5. d4 c6 6. Bg2 Bd6 7. Nf3 Nbd7 8. 0-0 0-0 9. e3 Re8 10. Qb3 b5 11. Ng5 Nb6 12. e4 h6 13. e5 1/2-1/2

[Event "Gonzaga Masters"]
[Site "Dublin"]
[Date "2016.01.22"]
[Round "1"]
[White "Goss, Alex"]
[Black "Tirziman, Rudolf"]
[Result "1/2-1/2"]
[WhiteElo "1715"]
[BlackElo "2001"]
[PlyCount "93"]
[EventDate "2016.01.22"]
[EventType "swiss"]
[EventRounds "5"]
[EventCountry "IRL"]
[SourceTitle "EXT 2023"]
[Source "ChessBase"]
[SourceDate "2022.10.05"]
[SourceVersion "1"]
[SourceVersionDate "2022.10.05"]
[SourceQuality "1"]

1. e4 e6 2. d4 d5 3. exd5 exd5 4. Bd3 c5 5. Qe2+ Be7 6. dxc5 Nf6 7. Nf3 0-0 8. 0-0 Bxc5 9. Bg5 Be6 10. c3 Nbd7 11. Qc2 h6 12. Bh4 Rc8 13. Nbd2 g5 14. Bg3 Nh5 15. Nb3 Nxg3 16. hxg3 Bb6 17. Nfd4 Nc5 18. Nxc5 Bxc5 19. Nxe6 fxe6 20. Qe2 Qf6 21. Rae1 Rce8 22. c4 Bd4 23. b3 Kg7 24. Rc1 Re7 25. Rce1 Bc3 26. Rc1 Bd4 27. Rce1 Bc5 28. Qe5 Qxe5 29. Rxe5 Bd4 30. Re2 dxc4 31. Bxc4 e5 32. Rd1 Rc7 33. a4 a5 34. Rd3 Rfc8 35. Rc2 b6 36. Kf1 Rf8 37. Kg1 Rf6 38. Rf3 Rc5 39. Rxf6 Kxf6 40. g4 Rc7 41. g3 Ke7 42. Kg2 Kd6 43. f3 Rc8 44. Rd2 Rf8 45. Rc2 Rc8 46. Rd2 Rf8 47. Rc2 1/2-1/2